000 00566nam a2200229Ia 4500
003 OSt
005 20221005123732.0
006 a|||||r|||| 00| 0
007 ta
008 221004b |||||||| |||| 00| 0 tel d
024 _a39905
037 _cTextual
040 _aCRL
_cCRL
_btel
041 _2tel
_atel
082 _aV231.L7, 35D9
100 _aRao Srinivasa
_9220885
245 0 _aMaharastra charitra
300 _a498p.
_ccm.
650 _aHISTORY
942 _hV231.L7, 35D9
_cTEXL
_2cc
999 _c1048322
_d1048322